Europe since 1980 /

"This book tells the dramatic story of the economic, social, political, and cultural transformation of Europe during the transition from the Cold War to European Union. Ivan Berend charts, in particular, the overwhelming impact of the collapse of communism on every aspect of European life. Euro...

Full description

Bibliographic Details
Main Author: Berend, T. Iván (Tibor Iván), 1930-
Format: Book
Language:English
Published: Cambridge, UK ; New York : Cambridge University Press, 2010.
Series:World since 1980.
Subjects:
Online Access:Cover image

MARC

Tag First Indicator Second Indicator Subfields
LEADER 00000cam a2200000 a 4500
001 in00002575361
005 20151201152311.0
008 100105s2010 enka b 001 0 eng
010 |a  2010000126 
015 |a GBB004205  |2 bnb 
016 7 |a 015462025  |2 Uk 
019 |a 466341129 
020 |a 9780521112406 (hardback) 
020 |a 0521112400 (hardback) 
020 |a 9780521129176 (pbk.) 
020 |a 0521129176 (pbk.) 
029 1 |a NLGGC  |b 323888089 
029 1 |a CDX  |b 10595998 
029 1 |a CDX  |b 10595999 
035 |a (OCoLC)ocn502874086 
035 |a (OCoLC)502874086 
040 |a DLC  |c DLC  |d ERASA  |d BWKUK  |d BWK  |d UKM  |d BTCTA  |d YDXCP  |d CDX  |d INTCH  |d UtOrBLW 
043 |a e------ 
049 |a TXAM 
050 0 0 |a HN373.5  |b .B397 2010 
082 0 0 |a 306.094/09045  |2 22 
100 1 |a Berend, T. Iván  |q (Tibor Iván),  |d 1930- 
245 1 0 |a Europe since 1980 /  |c Ivan T. Berend. 
264 1 |a Cambridge, UK ;  |a New York :  |b Cambridge University Press,  |c 2010. 
300 |a xi, 331 pages :  |b illustrations ;  |c 24 cm. 
336 |a text  |b txt  |2 rdacontent 
337 |a unmediated  |b n  |2 rdamedia 
338 |a volume  |b nc  |2 rdacarrier 
490 1 |a The world since 1980 
504 |a Includes bibliographical references and index. 
520 |a "This book tells the dramatic story of the economic, social, political, and cultural transformation of Europe during the transition from the Cold War to European Union. Ivan Berend charts, in particular, the overwhelming impact of the collapse of communism on every aspect of European life. Europe became safer and more united, and central and eastern Europe started on the difficult road to economic modernization. However, the western half of Europe also changed. European integration gained momentum. The single market and the common currency were introduced, and the Union enlarged from nine to twenty-seven countries. This period also saw a revolution in information and communication technology, the increasing impact of globalization, and the radical restructuring of the political system. The book explores the impact of all of these changes as well as the new challenges posed by the economic crisis of 2008-9 and asks which way now for Europe?"--Provided by publisher. 
651 0 |a Europe  |x Social conditions  |y 20th century. 
651 0 |a Europe  |x Social conditions  |y 21st century. 
651 0 |a European Union countries  |x Economic integration  |x History  |y 20th century. 
650 0 |a Technological innovations  |x Economic aspects  |z Europe. 
651 0 |a Former communist countries  |x Relations  |z European Union countries. 
651 0 |a European Union countries  |x Relations  |z Former communist countries. 
856 4 2 |3 Cover image  |u http://assets.cambridge.org/97805211/12406/cover/9780521112406.jpg  |t 0 
830 0 |a World since 1980. 
938 |a Erasmus Boekhandel  |b ERAA  |n NTS0000107754 
938 |a Blackwell Book Service UK  |b BBUK  |n L7845156  |c 50.00 
938 |a Baker and Taylor  |b BTCP  |n BK0008663826 
938 |a Coutts Information Services  |b COUT  |n 10595999 
938 |a YBP Library Services  |b YANK  |n 3138421 
945 |a PromptCat  |b 15387 
946 |a stk 
947 |a A14840180156 
994 |a 92  |b TXA 
948 |a Cataloged  |b h  |c 2010/7/1  |d c  |e ibarton 
999 |a MARS 
999 f f |s 874bcf44-1ecb-3e80-8bbe-0dd51e02fb54  |i 79ab7cbd-d243-36e0-a2a0-ba4c790590ef  |t 0 
952 f f |p normal  |a Texas A&M University  |b College Station  |c Sterling C. Evans Library  |d Evans: Library Stacks  |t 0  |e HN373.5 .B397 2010  |h Library of Congress classification  |i unmediated -- volume  |m A14840180156 
998 f f |a HN373.5 .B397 2010  |t 0  |l Evans: Library Stacks